| 000 | 00639nam a2200133 4500 | ||
|---|---|---|---|
| 008 | 030313s1966 us eng | ||
| 090 |
_aBS2583 _bB47int _b1966 |
||
| 130 | 0 | _aBible. N.T. Mark. English. Living New Testament, 1966 | |
| 245 | 1 | 0 |
_aRebel with a cause : _ba teenage edition of Mark from the Living New Testament as developed by the editors of Campus Life Magazine Youth for Christ International / _c. |
| 260 |
_aInninois : _bTyndale House, _cc1966. |
||
| 300 |
_a80 p. : _bills. |
||
| 650 | 4 |
_aBible. N.T. Mark _xEnglish _xVersion _xLiving New Testament. |
|
| 951 |
_p6977 _x00003752 _oBS2583/B47int/1966-2 _j070613111229140 _d2000-12-21 _cGC |
||
| 999 |
_c17134 _d17134 |
||